| 000 | 00929nam a22001937a 4500 | ||
|---|---|---|---|
| 999 |
_c60982 _d60982 |
||
| 005 | 20231201165219.0 | ||
| 008 | 231201s1973ru xxu||||| |||| 00| 0 rus d | ||
| 041 | _arus | ||
| 080 | _a902(4-15) М-77 | ||
| 100 |
_aМонгайт, А.Л. (Александр Львович). _920559 |
||
| 245 |
_aАрхеология Западной Европы : _b Каменный век / _cА.Л. Монгайт. |
||
| 264 |
_aМосква : _bНаука, _c1973. |
||
| 300 |
_a356 с., _b 8 л. ил. : ил., карт. ; _c 25 см. |
||
| 500 | _aსაძიებლები: გვ. 333-353.ბიბლიოგრ. თავების ბოლოს შენიშვნებში | ||
| 653 | _aდასავლეთ ევროპის არქეოლოგია. | ||
| 653 | _aქვის ხანა | ||
| 710 |
_aАН СССР. Институт археологии. _920560 |
||
| 942 |
_2udc _cᲬᲘᲒᲜᲘ |
||